Statistics for Guess the Capital Cities (Easy)

Click here to take the quiz!

General Stats

  • This quiz has been taken 22 times
  • The average score is 9 of 11

Answer Stats

HintAnswer% Correct
South KoreaSeoul
95%
GreeceAthens
90%
EgyptCairo
90%
NorwayOslo
90%
CubaHavana
85%
SwedenStockholm
80%
South AfricaPretoria/Cape Town/Bloemfontein
75%
ChileSantiago
70%
ColumbiaBogota
65%
IranTehran
60%
VenezuelaCaracas
55%

Score Distribution

Percentile by Number Answered

Percent of People with Each Score

Your Score History

You have not taken this quiz